| 000 | 00401nam a2200145Ia 4500 | ||
|---|---|---|---|
| 008 | 230917s9999||||xx |||||||||||||| ||und|| | ||
| 040 |
_e195518 _aMAIN |
||
| 041 | _aEnglish | ||
| 082 | _a621.3 S15M | ||
| 100 | _aSmaili, A | ||
| 245 | 0 | _aMechatronics: Integrated technologies for intelligent machines | |
| 260 |
_aNew Delhi _bOxford University Press _c2010 |
||
| 300 | _axviii, 717 p. | ||
| 942 | _cBK | ||
| 999 |
_c157984 _d157984 |
||